000 00639nam a2200229Ia 4500
003 OSt
005 20241028145321.0
008 210716s2014 xx 000 0 und d
020 _a9788126546015
040 _cAIMIT LIBRARY
041 _aeng
082 _a519.5
_21
_bGARM
100 _aGardener, Mark.
_9183527
245 _aEssential R reference /
_cBy Mark Gardener.
250 _a1st ed.
260 _aNew Delhi :
_bWiley India Pvt Ltd ,
_c2014.
300 _axxi,554p. ;
_bPB
_c24 cm
650 _aMath and statistics
_9183528
650 _aGraphics
_9183529
650 _aUtilities
_9183530
942 _2ddc
_cBK
_e1st
_k519.5 GARM
999 _c209977
_d209977